000 00465nam a2200169Ia 4500
003 LDD
008 190117s9999 xx 000 0 und d
020 _a8121403464
_c₹85
040 _cLDD
041 _ahi
082 _a8H3.7 र 1804 व
100 _aरघुवंश
245 0 _aवह अलग व्यक्ति
_cरघुवंश
260 _aनयी दिल्ली
_bनेशनल
_c1990
300 _a281प्र.
942 _2ddc
_cH
999 _c167921
_d167921